000
00182nam a22000857a 4500
999
_c
16287
_d
16287
003
OSt
008
200721b ||||| |||| 00| 0 eng d
245
_a
Rape/ mustard in india
942
_c
BK